LIBRARY & INFORMATION CENTRE, KCAET, TAVANUR

ONLINE PUBLIC ACCESS CATALOGUE (OPAC)

Dairy cattle : Principles Pratices Problems Prefits / (Record no. 3306)

MARC details
000 -LEADER
fixed length control field 00533cam a2200193ua 4500
041 ## - LANGUAGE CODE
Language code of text/sound track or separate title eng
082 ## - DEWEY DECIMAL CLASSIFICATION NUMBER
Classification number 637.14
Item number BAT/DA
100 ## - MAIN ENTRY--AUTHOR NAME
Personal name Bath, Donald L .
245 ## - TITLE STATEMENT
Title Dairy cattle : Principles Pratices Problems Prefits /
250 ## - EDITION STATEMENT
Edition statement 3 /
260 ## - PUBLICATION, DISTRIBUTION, ETC. (IMPRINT)
Place of publication Philadelphia :
Name of publisher Lea & Feleigce, ,
Year of publication 1985.
300 ## - PHYSICAL DESCRIPTION
Number of Pages 471 ; .
700 1# - ADDED ENTRY--PERSONAL NAME
Personal name Appleman, Robert D .
700 1# - ADDED ENTRY--PERSONAL NAME
Personal name Dickinson, Frank N .
700 1# - ADDED ENTRY--PERSONAL NAME
Personal name Tucker, H Allen .
942 ## - ADDED ENTRY ELEMENTS (KOHA)
Koha item type Books
Holdings
Withdrawn status Lost status Damaged status Home library Current library Date acquired Cost, normal purchase price Full call number Accession Number Koha item type
      KAUAET KAUAET 01/11/1988 340.00 637.14 16398 Books
free website counter